[Event "Prague op-A 14th"]
[Site "Prague"]
[Date "2015.01.10"]
[Round "2"]
[White "Rada, Miroslav"]
[Black "Privoznik, Lubos"]
[Result "1-0"]
[WhiteElo "1939"]
[BlackElo "1669"]
[PlyCount "31"]
[EventDate "2015.01.09"]
[EventType "swiss"]
[EventRounds "9"]
[EventCountry "CZE"]
[SourceTitle "CBM 164 Extra"]
[Source "ChessBase"]
[SourceDate "2015.03.02"]
[SourceVersion "1"]
[SourceVersionDate "2015.03.02"]
[SourceQuality "1"]

1. e4 d6 2. d4 Nf6 3. Bd3 e5 4. Nf3 Nc6 5. c3 exd4 6. cxd4 Be7 7. 0-0 Bg4 8. Be3 0-0 9. Nbd2 h6 10. Rc1 Rc8 11. Qb3 Na5 12. Qa4 c5 13. dxc5 dxc5 14. Bb1 b6 15. e5 Bd7 16. Qc2 1-0